| 000 | 00420nam a2200145Ia 4500 | ||
|---|---|---|---|
| 008 | 191206s9999 xx 000 0 und d | ||
| 020 | _a9781337619370 | ||
| 100 | _aDurand, V. Mark | ||
| 245 |
_cV. Mark Durand _aEssentials of abnormal psychology/ |
||
| 250 | _a8th ed. | ||
| 260 |
_aUSA: _bCENGAGE Learning _c2019 |
||
| 300 |
_axxviii, 547 p. ; _bcol. ill. : _c28 cm. |
||
| 500 | _aIncludes index | ||
| 650 | _aPsychology | ||
| 999 |
_c362839 _d362839 |
||